000 00870cab a2200277 4500
001 ABS59327
008 090401t1998 xxu||||| |||| 00| 0 eng d
035 _a(Sirsi) u88595
041 _aeng
245 _aRestrained behaviour
260 _c1998
350 _a0
490 _aEstates Gazette
_v(9838) 19 September 1998, 147-148(2)
520 _aA Mainly for Students article which examines the meaning of `restrictive covenant` in different contexts and the implications of a restraint clause for developers.
650 _aDEVELOPERS
650 _aLAND
650 _aLANDS TRIBUNAL
650 _aMCMORRIS V BROWN
650 _aR V WESTMINSTER LBC EX P LEICESTER SQUARE COVENTRY ST ASSOCIATION LTD
650 _aRESTRAINT CLAUSES
650 _aRESTRICTIVE COVENANT
650 _aTULK V MOXHAY
690 _aLAW
942 _n0
948 _c23/09/1998
999 _c56004
_d56004